Southville International School and Colleges
Your cart is empty.
  • Cart
  • Lists
    Public lists Eva Luna New books Lux_list list_1
    Your lists Log in to create your own lists
  • Log in to your account
  • Your cookies
  • Search history
Southville International School and Colleges
  • Advanced search
  • Recent comments
  • Most popular
  • Libraries

Log in to your account

Log in with GOOGLE


If you do not have an external account, but do have a local account, you can still log in:

  1. Home
  2. MARC view: The day we nearly lost Mindanao:
Normal view MARC view ISBD view

The day we nearly lost Mindanao: (Record no. 9027)

[ view plain ]
MARC details
000 -LEADER
fixed length control field 00628nam a22001937a 4500
003 - CONTROL NUMBER IDENTIFIER
control field OSt
005 - DATE AND TIME OF LATEST TRANSACTION
control field 20140310182053.0
008 - FIXED-LENGTH DATA ELEMENTS--GENERAL INFORMATION
fixed length control field 130822t xxu||||| |||| 00| 0 eng d
050 ## - LIBRARY OF CONGRESS CALL NUMBER
Classification number DS 688
Item number .Ab119 1999
082 ## - DEWEY DECIMAL CLASSIFICATION NUMBER
Classification number HS 327.172
Item number Ab1 1999
100 ## - MAIN ENTRY--PERSONAL NAME
Personal name Abat, Fortunato U.
9 (RLIN) 12204
245 ## - TITLE STATEMENT
Title The day we nearly lost Mindanao:
Remainder of title the cemcom story /
Statement of responsibility, etc Fortunato U. Abat.
260 ## - PUBLICATION, DISTRIBUTION, ETC. (IMPRINT)
Place of publication, distribution, etc New updated ed. Diliman, Q. C :
Name of publisher, distributor, etc The author,
Date of publication, distribution, etc 1999.
300 ## - PHYSICAL DESCRIPTION
Extent 311 p.:
Other physical details ill. ;
Dimensions 18 cm.
650 ## - SUBJECT ADDED ENTRY--TOPICAL TERM
Topical term or geographic name as entry element Armed Forces of the Philippines.Central MindanaoCommand
9 (RLIN) 12205
650 ## - SUBJECT ADDED ENTRY--TOPICAL TERM
Topical term or geographic name as entry element Mindanao
9 (RLIN) 12206
942 ## - ADDED ENTRY ELEMENTS (KOHA)
Source of classification or shelving scheme Library of Congress Classification
Holdings
Withdrawn status Lost status Source of classification or shelving scheme Damaged status Home library Current library Shelving location Date acquired Total Checkouts Full call number Barcode Date last seen Copy number Price effective from Koha item type
    Library of Congress Classification   Luxembourg Library Luxembourg Library High School Section 08/22/2013   DS 688 .Ab119 1999 9159 08/22/2013 1 08/22/2013 Books

The day we nearly lost Mindanao:

APA

Abat F. U., . (1999). The day we nearly lost Mindanao. New updated ed. Diliman, Q. C: The author.

Chicago

Abat Fortunato U, . 1999. The day we nearly lost Mindanao. New updated ed. Diliman, Q. C: The author.

Harvard

Abat F. U., . (1999). The day we nearly lost Mindanao. New updated ed. Diliman, Q. C: The author.

MLA

Abat Fortunato U, . The day we nearly lost Mindanao. New updated ed. Diliman, Q. C: The author. 1999.

  • Place hold
  • Print
  • Cite
  • Add to your cart (remove)
  • Save record
    BIBTEX Dublin Core MARCXML MARC (non-Unicode/MARC-8) MARC (Unicode/UTF-8) MARC (Unicode/UTF-8, Standard) MODS (XML) RIS
  • More searches
    Search for this title in:
    Other Libraries (WorldCat) Other Databases (Google Scholar) Online Stores (Bookfinder.com) Open Library (openlibrary.org)

Exporting to Dublin Core...

SOUTHVILLE LIBRARY

Southville International School and Colleges Library

1281 Tropical Ave. Cor. Luxembourg St., BF Homes International, Las Pinas City

Tel. No. 8256374 / 252358 Loc. 117/146

Powered by Koha